Quizzes
Events
Quiz Creation
Community
Videos
Private Events
Remove Ads
Sign In
Join for FREE
Feedback
Dark Mode
Quiz Categories
Sports
Geography
Music
Movies
Television
Just For Fun
Miscellaneous
History
Literature
Language
Science
Gaming
Entertainment
Religion
Holiday
For Kids
Quiz Lab
Recent
Popular Today
Quiz Kudos Today
Editor Picks
Curator Picks
Quizzes by...
Day
Popularity
Type
Ratings
Length
Year
Community
Subscriptions
Recent Discussions
Orange Saloon
Badges
Playlists
Quests
Create
Leaderboards
Showdown
Live 5
Trivia Bingo
Activity
Puzzle Library
Sporcle Events
Private Events
Virtual Trivia
Globe League
Become a Host
Pub Owners
SporcleCon
Opinionation
Our Games
Videos
Blog
Mobile Apps
Partnerships
Remove Ads and Go Orange
Feedback
Music
Pop Music
The Beatles
Song
Album
Lyrics
Bands
Singers
Artist
Clip
Rock
Rap
Classical
Billboard
Country Music
Kpop
Taylor Swift
Music
Pop Music
The Beatles
Song
Album
Lyrics
Bands
Singers
Artist
Clip
Rock
Rap
Classical
Billboard
Country Music
Kpop
Taylor Swift
Random Quiz
Search Sporcle
×
Quiz Lab
Quiz Lab
Music
Boy
Type in answers that appear in a list
Type in answers that appear in a list
Classic
Best Score? Go Orange.
Playing with the Big Boys Now Lyrics Stats
Can you name the Playing with the Big Boys Now Lyrics
By
redcobra7
10m
265 Questions
20 Plays
20 Plays
20 Plays
Comments
Comments
Give Quiz Kudos
Give Quiz Kudos
-
- Ratings
hide this ad
Forced Order
Answers have to be entered in order
Answers have to be entered in order
Replay
Link that replays current quiz
Next Quiz
Link to next quiz in quiz playlist
You Got
0%
They Got
Avg Score
26%
Avg Friend Score
Upgrade to see
Score Distribution
Jump to the score distribution portion of the page
Score
0/265
Timer
10:00
0
Plays Today
Answer
% Correct
By
100%
the
100%
power
100%
of
100%
Ra
100%
Mut
95%
Nut
95%
Khnum
95%
Ptah
95%
Nephthys
95%
Sobek
90%
Nekhbet
85%
Sekhment
85%
Selket
80%
Solkar
75%
Reshpu
75%
Wadjet
75%
Anubis
75%
Anukis
75%
Ra
60%
Seshmu
55%
Meshkent
55%
Hemsut
55%
Tefnut
55%
Heket
55%
Mafdet
55%
Mut
50%
Nut
50%
Ptah
50%
Hemsut
45%
Tefnut
45%
Sokar
45%
Selket
45%
Ra
45%
Seshmu
40%
Reshpu
40%
Sobek
40%
Wadjet
40%
Heket
40%
Mafdet
40%
Nephthys
40%
Nekhbet
40%
So
25%
you
25%
think
25%
you've
25%
got
25%
friends
25%
in
25%
high
25%
places,
25%
with
25%
the
25%
power
25%
to
25%
put
25%
us
25%
on
25%
the
25%
run
25%
Well,
25%
forgive
25%
us
25%
these
25%
smiles
25%
on
25%
our
25%
faces,
25%
You'll
25%
know
25%
what
25%
power
25%
is
25%
when
25%
we
25%
are
25%
done,
25%
son!
25%
You're
25%
playing
25%
with
25%
the
25%
big
25%
boys
25%
now!
25%
Playing
25%
with
25%
the
25%
big
25%
Answer
% Correct
boys
25%
now!
25%
Ev'ry
20%
spell
20%
and
20%
gesture
20%
tells
20%
you
20%
who's
20%
the
20%
best.
20%
You're
20%
playing
20%
with
20%
the
20%
big
20%
boys
20%
now!
20%
You're
20%
playing
20%
with
20%
the
20%
big
20%
boys
20%
now!
20%
You're
20%
playing
20%
with
20%
the
20%
big
20%
boys
20%
now!
20%
Stop
20%
this
20%
foolish
20%
mission!
20%
Watch
20%
a
20%
true
20%
magician
20%
give
20%
an
20%
exhibition
20%
how!
20%
Pick
20%
up
20%
your
20%
silly
20%
twig,
20%
boy;
20%
you're
20%
playing
20%
with
20%
the
20%
big
20%
boys
20%
now!
20%
By
20%
the
20%
power
20%
of
20%
Ra!
20%
Mut
20%
Nut
20%
Khnum
20%
Ptah
20%
or
20%
it's
20%
your
20%
own
20%
grave
20%
you'll
20%
dig,
20%
boy!
20%
You're
20%
playing
20%
with
20%
the
20%
big
20%
boys,
20%
playing
20%
with
20%
the
20%
big
20%
boys,
20%
with
20%
playing
20%
the
20%
big
20%
Answer
% Correct
boys,
20%
playing
20%
with
20%
the
20%
big
20%
boys,
20%
playing
20%
with
20%
the
20%
big
20%
boys,
20%
playing
20%
with
20%
big
20%
the
20%
boys
20%
now!
20%
Sobek
15%
Sokar
15%
Selket
15%
Anubis
15%
Anukis
15%
You're
15%
playing
15%
with
15%
the
15%
big
15%
boys
15%
now!
15%
By
15%
the
15%
might
15%
of
15%
Horus
15%
you
15%
will
15%
kneel
15%
before
15%
us,
15%
kneel
15%
to
15%
our
15%
splendorous
15%
power!
15%
You
15%
put
15%
up
15%
a
15%
front!
15%
You
15%
put
15%
up
15%
a
15%
fight!
15%
And
15%
just
15%
to
15%
show
15%
we
15%
feel
15%
no
15%
spite,
15%
you
15%
can
15%
be
15%
our
15%
acolyte.
15%
But
15%
first,
15%
boy,
15%
it's
15%
time
15%
to
15%
bow -
15%
Sekhmet
10%
Hemsut
10%
Tefnut
10%
Meshkent
10%
Mafdet
10%
Playing
10%
with
10%
the
10%
big
10%
boys
10%
now!
10%
kow
10%
tow -
10%
Quiz Playlist
Details
Report
Send in Message
Add To Playlist
Classic:
Type in answers that appear in a list
Forced Order:
Answers have to be entered in order
Last Updated: Feb 16, 2017
Quiz Scoreboard
CHALLENGE
Sign Up to Join the Scoreboard
Show All
Scores
Hide
Comments
May contain spoilers
Recently Published
College Basketball Coaching Resumes
by pancakes188
Sports
9m
Billboard Blitz: Fleetwood Mac
by CooCooCachoo
Music
15s
Presidents Visiting Landmarks
by Hejman
History
7m
More to Explore
Quiz From the Vault
Featured Blog Post
Where Did the Easter Bunny Come From?
hide this ad
You Might Also Like...
Tags
Boy
Today's Top Quizzes in Music
Browse Music
hide this ad
Today's Top Quizzes in Boy
Browse Boy
Top Contributed Quizzes in Music
1
Taylor Swift All Songs (2024)
2
7-to-1: Billboard Hot 100 #1 Hits of 2010s
3
Guess the Artist- 70s Songs
4
Sorting Albums and Songs
5
Taylor Swift Logic Puzzle
6
KPOP LOGIC QUIZ
7
Guess the Taylor Swift song (Mystery Song)
8
2010s Album by Cover III
9
One Thing in Common: Music
10
Guess The Taylor Swift Lyrics Song #1
Explore More
Trending Topics
Disney
Harry Potter
NBA
Kpop
Anime
Marvel
Crossword
Country
NFL
Puzzle
WWE
The Office
Pokémon
Soccer
Song
hide this ad
More By:
redcobra7
Quiz
Plays
Rating
Category
Featured
Created
Latin Verb Synopsis
3,281
4.50
Language
Dec 9, 2012
Latin Infinitives
2,695
2.50
Language
Oct 4, 2012
Populous Neighbors
180
5.00
Geography
May 19, 2015
Risk Territories by Population
146
5.00
Geography
Sep 8, 2013
Civilization 4 units
143
5.00
Gaming
Nov 5, 2011
Go to Creator's Profile
Score Distribution
Quiz Creator Spotlight
redcobra7
Follow
Send a Message
Quizzes Created
-
Created Quiz Play Count
-
More By This Creator
Popular Quizzes Today
1
Find the US States - No Outlines Minefield
2
Find the Countries of Europe - No Outlines Minefield
3
The Countries of the World
4
Find the US States
5
Risky Map Clicking: Biggest States A-Z
6
US States
7
Popular People in 1961
8
Movies - When Are They Set?
More Music Quizzes
Greatest Hits Albums XVII (Picture Click)
Quiz Lab
Trending Quizzes
Risky Map Clicking: Least Populous States A-Z
1-10 Letter G Words
1-10 Letter F Words
Risky Map Clicking: Next State Alphabetically
Risky Map Clicking: Biggest States A-Z
Recently Updated
Leaping Animals
pecheneg
Reality TV Shows (A-Z)
bhenderson79
Rickey Henderson's Hall of Fame Teammates
pecheneg
Champions League XIs: Arsenal
pecheneg
Quick Pick: Celebrities in WWE's Hall of Fame
aduchscher
A-Z Keypad Blitz II
pecheneg
Multiple Oscar Actors
pecheneg
Mystery Phrase Blitz: Oscar 'Best Actors'
pecheneg
F. Scott Fitzgerald Novels
LTH
Pick 3 Villains
ddd62291
Trending Topics
Kpop
Disney
Marvel
Anime
Crossword
Harry Potter
NBA
WWE
NFL
Song
Country
Pokémon
The Office
Puzzle
Soccer
Your Account Isn't Verified!
In order to create a playlist on Sporcle, you need to verify the email address you used during registration. Go to your
Sporcle Settings
to finish the process.
Report this User
Report this user for behavior that violates our
Community Guidelines
.
Details:
Send Report
Go to the Sporcle.com Mobile Site →
Comments